| 000 | 01903cam a2200265 a 4500 | ||
|---|---|---|---|
| 999 |
_c646 _d646 |
||
| 008 | 040629s2004 enka i000 0 eng d | ||
| 020 | _a9280100327 | ||
| 041 | 0 |
_aeng _aspa |
|
| 082 | 0 | 0 |
_a344.046332 _bI339 |
| 110 |
_976 _aInternational Maritime Organization |
||
| 130 | 0 |
_aInternational Convention on Civil Liability for Bunker Oil Pollution Damage _d(2001) |
|
| 245 | 1 | 0 |
_aInternational Convention on Civil Liability for Bunker Oil Pollution Damage, 2001 = _bConvention internationale de 2001 sur la responsabilité civile pour les dommages dus à la pollution par les hydrocarbures de soute = Convenio internacional sobre responsabilidad civil nacida de daños debidos a contaminación por los hidrocarburos para combustible de los buques, 2001. |
| 246 | 1 | 1 | _aConvention internationale de 2001 sur la responsabilité civile pour les dommages dus à la pollution par les hydrocarbures de soute |
| 246 | 1 | 1 | _aConvenio internacional sobre responsabilidad civil nacida de daños debidos a contaminación por los hidrocarburos para combustible de los buques, 2001 |
| 246 | 3 | 0 | _aCivil liability for bunker oil pollution damage, 2001 |
| 260 |
_aLondon : _bInternational Maritime Organization, _c2004. |
||
| 300 |
_aix, 70 p. : _bill. ; _c24 cm. |
||
| 500 | _a"This publication contains the text of the Final Act of the International Conference on Liability and Compensation for Bunker Oil Pollution Damage, 2001 ... 9 to 23 March 2001 ... The purpose of the Convention is to ensure the payment of adequate, prompt and effective compensation to victims of pollution caused by the escape or discharge of bunker oil from ships."--p. iii. | ||
| 500 | _a"Sales number: 1490M." | ||
| 650 | 0 | _aLiability for oil pollution damages. | |
| 650 | 0 |
_aOil spills _xLaw and legislation. |
|
| 650 | 0 |
_aOil pollution of the sea _xLaw and legislation. |
|
| 710 | 2 | _aInternational Maritime Organization. | |
| 942 | _cBK | ||